| 000 | 00736cam a2200241 a 4500 | ||
|---|---|---|---|
| 001 | 000004440 | ||
| 005 | 20200929151437.0 | ||
| 008 | 721206s1953 sp 000 f spa | ||
| 040 |
_aDO-SdBNP _bspa _cBNPHU |
||
| 041 | 1 | 7 |
_aspa _heng |
| 082 |
_a813.54 _bB868k |
||
| 100 | 1 |
_aBromfield, Louis, _d1896-1956. _94947 |
|
| 240 | 1 | 0 |
_aKenny. _lEspañol |
| 245 | 1 | 0 |
_aKenny / _cLouis Bromfield ; traducido por M. Virginia M. Abaria. |
| 260 |
_aBarcelona, España : _bPlaneta, _c1953. |
||
| 300 |
_a244 p. ; _c19 cm. |
||
| 490 | 1 | _aGoliat | |
| 534 |
_pTítulo original: _tKenny |
||
| 650 | 4 |
_aNovela estadounidense _9262 |
|
| 650 | 4 |
_aLiteratura estadounidense _9263 |
|
| 700 | 1 |
_aM. Abaria, M. Virginia, _etr. _913030 |
|
| 830 | 0 |
_aGoliat _94949 |
|
| 999 |
_c4249 _d4249 |
||